000 00624nam a2200229 i 4500
001 C2-0245925
003 PPAK
005 20180727210805.0
008 030319s1963 io |||| ||||| | may d
040 _aPPAK
_beng
_cPPAK
_erda
082 0 4 _a899.2211
_223
090 0 0 _a899.2211
_bBOE
_dKSA
100 1 _aBoesje, Motinggo,
_eauthor
245 1 0 _aMalam pengantin di Bukit Kera
264 1 _aDjakarta, Indonesia :
_bFA. Mega ,
_c1963
300 _a32 pages ;
_c18 cm
336 _2rdacontent
_atext
337 _2rdamedia
_aunmediated
338 _2rdacarrier
_avolume
650 1 0 _aIndonesian - Fiction
942 _ddc
_cB
999 _c59917
_d59917